| 000 | 00464nam a22001217a 4500 | ||
|---|---|---|---|
| 008 | 240726b |||||||| |||| 00| 0 eng d | ||
| 040 |
_aNational Science Library _cNational Science Library |
||
| 080 |
_aR 014.3:05(498) _bK6 |
||
| 245 | _aBibliografia analitica a periodicelor Romanesti | ||
| 260 |
_aBucuresti: _bEditura Academiei Republicii Socialiste Romania, _c1966 |
||
| 500 | _aVol. 1, 1790-1850; xix, 406p. Vol. 1, 1790-1850; 407p.-823p. | ||
| 942 |
_2udc _cBK |
||
| 999 |
_c64893 _d64893 |
||